Statistics for WWE Wrestlers by Picture

Click here to take the quiz!

General Stats

  • This quiz has been taken 46 times
  • The average score is 9 of 16

Answer Stats

Answer% Correct
Randy Orton
90%
Paul Bearer
83%
Drew Mcintyre
75%
John Morrison
73%
Sting
73%
Kane/Isaac Yankem
68%
Jade Cargill
58%
Tatanka
58%
Eugene
55%
Scotty 2 Hotty
55%
Too Cool
50%
Peter Maivia
48%
Tyler Bate
48%
Ariya Daivari
30%
Battle Kat
18%
Braden Walker
13%

Score Distribution

Percentile by Number Answered

Percent of People with Each Score

Your Score History

You have not taken this quiz